000 01174nam a2200301 i 4500
003 EG-GICUC
005 20260121101355.0
008 251128s2000 ua ||||fr|||| 00| 0 ara d
040 _a EG-GICUC
_bara
_c EG-GICUC
_d EG-GICUC
_erda
041 0 _aara
082 0 4 _221
_a345.31211
_bع ب . ت
092 0 4 _221
099 _aLaw1 07 345.31211 ع ب . ت 2000
100 0 _aعبد العزيز الجندي
_eمؤلف.
245 1 2 _aالتشريعات البيئية /
_cالمستشار عبد العزيز الجندي.
264 1 _aالقاهرة :
_bمركز دراسات واستشارات الإدارة العامة،
_c2000.
300 _a259 ؛صفحة
_c24 سم.
336 _2rda content
_atext
337 _2rda media
_aComputer
338 _2rda carrier
_aOnline Resource
490 _aأوراق غير دورية
_vالعدد العاشر
546 _aالنص أغلبه باللغة العربية مع بعض النصوص الإنجليزية
650 1 4 _aتشريعات البيئة
650 1 4 _aالقانون الإداري
856 4 0 _uhttps://fll.law.cu.edu.eg/fulltext/bks/B07-00999.pdf
905 _a32
_eYara
942 _2ddc
_cBK
_e21
_n0
999 _c46677
_d46677